000 01187cad a22002175a 4500
001 L143230
008 080417e20080417xxk f 000 0 eng d
035 _a(Sirsi) u143230
041 0 _aeng
110 1 _aUnited Kingdom
_bOffice of Fair Trading
_94767
245 0 0 _aOFT issues statement of objections against 112 construction companies
_h[electronic resource]
260 _c2008
490 _aOffice of Fair Trading Press Release
_v(52/08) 17 April 2008
520 _aReports details of one of the largest ever Competition Act investigations. The Office of Fair Trading claims that the construction companies concerned have engaged in bid rigging. Cover pricing is alleged, where companies have deliberately tendered high bids in order to secure a lower bid for another firm. It is also alleged that a small number of the firms have made compensation payments in such cases. The 112 firms under suspicion are listed.
590 _aKA
651 4 _aUnited Kingdom
_y
690 _aConstruction management
_96230
690 _aMANAGEMENT-BUSINESS MANAGEMENT
856 4 0 _uhttps://www.oft.gov.uk/news/press/2008/52-08
_zView the item free of charge at www.oft.gov.uk...
942 _n0
999 _c80097
_d80097